75k+ Cities In North America On A Map - Statistics

General Stats
  • This quiz has been taken 45 times
    35 since last reset
  • The average score is 268 of 783
Answers on the Map
Answers color-coded by a green-red scale on the quiz's map according to % correct below.
 
Answer Stats
Country City % Correct
United States Honolulu
96%
Canada Edmonton
88%
Canada | Jamaica Kingston
88%
Canada Toronto
88%
Canada | United States Vancouver
88%
United States Anchorage
85%
Canada Calgary
85%
Guatemala Guatemala City
85%
Cuba Havana
85%
Canada Ottawa
85%
Panama Panama City
85%
Canada Quebec City
85%
Costa Rica | United States San Jose
85%
United States Detroit
81%
United States New York City
81%
United States Seattle
81%
United States Boston
77%
United States Dallas
77%
United States Jackson
77%
United States Jacksonville
77%
Mexico Mexico City
77%
United States Miami
77%
Canada Montreal
77%
United States Pittsburgh
77%
Haiti Port-Au-Prince
77%
United States Baltimore
73%
United States Boise
73%
United States Charlotte
73%
Canada Halifax
73%
United States Houston
73%
United States Las Vegas
73%
United States Los Angeles
73%
United States Mobile
73%
United States Nashville
73%
United States Orlando
73%
United States Philadelphia
73%
United States Richmond
73%
United States Sacramento
73%
United States Salem
73%
United States San Diego
73%
United States Sandy
73%
United States San Francisco
73%
Canada St. John's
73%
United States St. Paul
73%
United States Tallahassee
73%
United States Tampa
73%
United States Washington DC
73%
United States Winston-Salem
73%
United States Atlanta
69%
United States Buffalo
69%
United States Charleston
69%
United States Chicago
69%
Mexico Ciudad Victoria
69%
United States Cleveland
69%
United States Denver
69%
United States Des Moines
69%
United States Fargo
69%
United States Grand Rapids
69%
United States Hartford
69%
United States Indianapolis
69%
United States Kansas
69%
United States Lansing
69%
United States Little Rock
69%
United States Madison
69%
United States Memphis
69%
United States Milwaukee
69%
United States Minneapolis
69%
Bahamas Nassau
69%
United States Oakland
69%
United States Oklahoma City
69%
United States Portland
69%
United States Raleigh
69%
United States Reno
69%
Haiti Saint-Louis du Nord
69%
United States San Antonio
69%
Dominican Republic San Francisco de Macoris
69%
United States Savannah
69%
United States St. Louis
69%
United States Tacoma
69%
United States Topeka
69%
United States Virginia Beach
69%
Canada Winnipeg
69%
United States Augusta
65%
United States Austin
65%
United States Birmingham
65%
United States Brownsville
65%
United States Cape Coral
65%
United States Cincinnati
65%
United States Columbus
65%
United States Duluth
65%
United States El Paso
65%
United States Fort Worth
65%
Mexico Guadalajara
65%
United States Lincoln
65%
United States Louisville
65%
Mexico Monterrey
65%
United States Montgomery
65%
United States New Orleans
65%
United States Norfolk
65%
United States Omaha
65%
United States Phoenix
65%
United States Providence
65%
United States Rochester
65%
United States Salt Lake City
65%
Dominican Republic Santo Domingo
65%
United States Spokane
65%
United States Trenton
65%
United States Tulsa
65%
Canada Victoria
65%
United States Wichita
65%
United States Wilmington
65%
United States Akron
62%
United States Albany
62%
United States Albuquerque
62%
United States Allen
62%
United States Amarillo
62%
United States Bakersfield
62%
United States Billings
62%
Barbados Bridgetown
62%
United States Chattanooga
62%
United States Colorado Springs
62%
United States Dayton
62%
United States Fayetteville
62%
United States Fort Lauderdale
62%
United States Greensboro
62%
Canada | United States Hamilton
62%
United States Jersey City
62%
United States Knoxville
62%
United States Lexington
62%
Canada London
62%
Nicaragua Managua
62%
United States Newark
62%
United States North Las Vegas
62%
United States Pasadena
62%
Canada Regina
62%
Mexico San Juan del Rio
62%
Guatemala San Juan Sacatepéquez
62%
Canada Saskatoon
62%
United States Sioux Falls
62%
United States Springfield
62%
United States St Petersburg
62%
United States Syracuse
62%
Mexico Tijuana
62%
United States Toledo
62%
United States Tucson
62%
United States Waco
62%
United States Wichita Falls
62%
United States Allentown
58%
United States Arlington
58%
United States Aurora
58%
United States Baton Rouge
58%
Mexico Cancun
58%
United States Columbia
58%
United States Corpus Christi
58%
United States Eugene
58%
United States Fresno
58%
United States Gainesville
58%
United States Laredo
58%
United States Lubbock
58%
United States McAllen
58%
United States Mesa
58%
United States Peoria
58%
Dominican Republic San Pedro De Macoris
58%
Mexico San Pedro Garza Garcia
58%
El Salvador San Salvador
58%
El Salvador | United States Santa Ana
58%
United States Santa Barbara
58%
Cuba | United States Santa Clara
58%
United States Santa Fe
58%
United States Shreveport
58%
United States St. George
58%
United States Worcester
58%
United States Anaheim
54%
United States Beaumont
54%
United States Bellevue
54%
United States Bridgeport
54%
United States Carson
54%
United States Cedar Rapids
54%
United States Chesapeake
54%
United States Chula Vista
54%
Mexico Ciudad Juarez
54%
United States Clearwater
54%
United States Erie
54%
United States Fort Wayne
54%
United States Irving
54%
United States Kent
54%
United States Lafayette
54%
United States Macon
54%
United States Newport News
54%
United States Odessa
54%
United States Orange
54%
United States Oxnard
54%
United States Provo
54%
United States Stockton
54%
Honduras Tegucigalpa
54%
Canada Thunder Bay
54%
United States Yonkers
54%
United States Cambridge
50%
United States Cary
50%
United States Durham
50%
United States Fort Collins
50%
United States Glendale
50%
United States Green Bay
50%
United States Henderson
50%
United States Hollywood
50%
United States Huntsville
50%
United States Irvine
50%
United States Joliet
50%
Mexico Juarez
50%
United States Kansas City
50%
United States Lakeland
50%
United States Lancaster
50%
United States Manchester
50%
United States Mesquite
50%
United States Miami Gardens
50%
United States New Haven
50%
United States Paterson
50%
United States Port St Lucie
50%
Mexico Puebla
50%
United States Salinas
50%
Mexico San Pablo de las Salinas
50%
United States Santa Clarita
50%
United States Santa Maria
50%
Panama Santiago
50%
Cuba Santiago de Cuba
50%
Dominican Republic Santiago De Los Caballeros
50%
Mexico Santiago de Queretaro
50%
United States Scottsdale
50%
United States Yuma
50%
United States Abilene
46%
Mexico Acapulco
46%
United States Athens
46%
United States Bend
46%
United States Boulder
46%
United States Chandler
46%
United States Clarksville
46%
United States Concord
46%
United States Coral Springs
46%
United States Fontana
46%
United States Fort Myers
46%
United States Greenville
46%
Honduras | Mexico Leon
46%
United States Long Beach
46%
United States Miami Beach
46%
United States Midland
46%
United States Ogden
46%
United States Palmdale
46%
United States Plano
46%
United States Plymouth
46%
United States Pueblo
46%
United States Riverside
46%
United States Roanoke
46%
United States San Bernardino
46%
Mexico San Luis Rio Colorado
46%
United States Santa Rosa
46%
United States South Bend
46%
United States Thousand Oaks
46%
United States West Palm Beach
46%
United States Alexandria
42%
United States Ann Arbor
42%
Mexico Benito Juarez
42%
United States Bloomington
42%
Mexico Chihuahua
42%
United States Elizabeth
42%
United States Everett
42%
United States Flint
42%
United States Fort Smith
42%
United States Fremont
42%
United States Frisco
42%
United States Gilbert
42%
United States Grand Prairie
42%
United States Hampton
42%
United States Hialeah
42%
United States Independence
42%
United States Killeen
42%
United States Modesto
42%
United States Nampa
42%
United States Naperville
42%
Mexico Naucalpan de Juarez
42%
United States North Charleston
42%
United States Ontario
42%
United States Pompano Beach
42%
United States Portsmouth
42%
United States Redding
42%
United States Rio Rancho
42%
United States Rockford
42%
United States Roseville
42%
United States San Mateo
42%
Honduras San Pedro Sula
42%
United States Stamford
42%
United States Tyler
42%
Mexico Veracruz
42%
Mexico Villa Juarez
42%
United States West Valley City
42%
Canada Windsor
42%
Mexico Aguascalientes
38%
United States Arvada
38%
United States Berkeley
38%
United States Carrollton
38%
United States Chico
38%
Mexico Durango
38%
United States Elgin
38%
United States Evansville
38%
United States Garland
38%
United States Gary
38%
United States Hayward
38%
United States Hillsboro
38%
Canada Kelowna
38%
Canada Kitchener
38%
United States Lakewood
38%
United States Las Cruces
38%
United States Lawrence
38%
Mexico Merida
38%
United States Meridian
38%
Mexico | United States Miramar
38%
Canada Moncton
38%
United States Murfreesboro
38%
United States Napa
38%
United States Norman
38%
United States Oceanside
38%
United States Overland Park
38%
United States Pembroke Pines
38%
United States Rancho Cucamonga
38%
United States Round Rock
38%
United States Santa Monica
38%
United States Sioux City
38%
United States Spokane Valley
38%
United States Sterling Heights
38%
United States Surprise
38%
United States Tempe
38%
United States Ventura
38%
United States Warren
38%
United States West Jordan
38%
United States Antioch
35%
United States Bellingham
35%
United States Carlsbad
35%
United States College Station
35%
United States Davenport
35%
United States Denton
35%
United States Edinburg
35%
United States Escondido
35%
United States Fairfield
35%
Mexico Hermosillo
35%
United States High Point
35%
United States Huntington Beach
35%
United States Lewisville
35%
United States McKinney
35%
United States Melbourne
35%
United States Olathe
35%
United States Palm Bay
35%
United States Rapid City
35%
United States Reading
35%
United States Renton
35%
United States Rialto
35%
Mexico San Luis Potosi
35%
United States Sparks
35%
United States Suffolk
35%
United States Sunnyvale
35%
United States Thornton
35%
Mexico Toluca
35%
United States Troy
35%
United States Victorville
35%
United States Visalia
35%
United States Waterbury
35%
United States Arlington Heights
31%
United States Asheville
31%
United States Auburn
31%
United States Broken Arrow
31%
Mexico Campeche
31%
United States Corona
31%
United States Davie
31%
United States El Cajon
31%
United States Elk Grove
31%
United States El Monte
31%
United States Fullerton
31%
United States Garden Grove
31%
United States Goodyear
31%
United States Gresham
31%
Cuba Guantanamo
31%
Canada Guelph
31%
Canada Kamloops
31%
United States Kenosha
31%
United States Lake Charles
31%
United States Lowell
31%
United States Lynn
31%
Mexico Mexicali
31%
United States Moreno Valley
31%
United States Murrieta
31%
United States Norwalk
31%
United States Pomona
31%
United States San Marcos
31%
United States Scranton
31%
United States Simi Valley
31%
United States Torrance
31%
Canada Trois-Rivieres
31%
United States Tuscaloosa
31%
United States Vallejo
31%
United States Westminster
31%
Canada Abbotsford
27%
Canada Barrie
27%
United States Beaverton
27%
United States Boca Raton
27%
United States Brooklyn Park
27%
United States Burbank
27%
Cuba Camaguey
27%
United States Cicero
27%
United States Clovis
27%
Mexico Cuernavaca
27%
Panama David
27%
United States Dearborn
27%
United States Edison
27%
United States Federal Way
27%
United States Fishers
27%
United States Jonesboro
27%
United States Lawton
27%
United States Layton
27%
United States League City
27%
United States Medford
27%
United States Merced
27%
United States Mission
27%
Jamaica Montego Bay
27%
United States New Bedford
27%
United States New Rochelle
27%
Mexico Oaxaca
27%
United States Orem
27%
Canada Oshawa
27%
United States Parma
27%
Canada Peterborough
27%
United States Quincy
27%
Canada Red Deer
27%
United States Richardson
27%
United States Roswell
27%
Mexico Saltillo
27%
United States Springdale
27%
Canada Sudbury
27%
United States Sugar Land
27%
United States Temecula
27%
Mexico Torreon
27%
United States Yakima
27%
Mexico Zacatecas
27%
United States Alameda
23%
Canada Brantford
23%
United States Carmel
23%
United States Centennial
23%
United States Champaign
23%
United States Chino
23%
United States Clinton
23%
Mexico Colima
23%
El Salvador | Panama Colon
23%
United States Daly City
23%
United States Fall River
23%
United States Franklin
23%
United States Greeley
23%
United States Hoover
23%
United States Kalamazoo
23%
United States Kennewick
23%
Canada Lethbridge
23%
United States Lynchburg
23%
Mexico Morelia
23%
Canada Nanaimo
23%
United States Palm Coast
23%
United States Pearland
23%
Mexico Puerto Vallarta
23%
Canada Saguenay
23%
United States San Angelo
23%
El Salvador San Miguel
23%
Guatemala San Miguel Petapa
23%
Canada Sherbrooke
23%
United States Somerville
23%
United States South Fulton
23%
Canada St. Catharines
23%
United States Vacaville
23%
United States West Covina
23%
United States Wyoming
23%
United States Brockton
19%
United States Canton
19%
Dominican Republic Carrefour
19%
United States Conroe
19%
United States Costa Mesa
19%
Mexico Culiacan
19%
United States Danbury
19%
United States Farmington Hills
19%
Cuba Holguin
19%
United States Indio
19%
United States Inglewood
19%
United States Jurupa Valley
19%
Mexico La Paz
19%
United States Livonia
19%
United States Longview
19%
United States Loveland
19%
United States Menifee
19%
Canada Milton
19%
United States Mission Viejo
19%
United States Newport Beach
19%
United States Perris
19%
United States Racine
19%
United States Sandy Springs
19%
United States San Leandro
19%
Mexico San Martín Texmelucan de Labastida
19%
United States St. Joseph
19%
United States Sunrise
19%
Mexico Tampico
19%
United States Tracy
19%
Mexico Villahermosa
19%
Canada White Rock
19%
United States Woodbridge
19%
United States Avondale
15%
United States Bryan
15%
Haiti Cap-Haitien
15%
United States Chino Hills
15%
Mexico Ciudad Mante
15%
Mexico Ciudad Nezahualcoyotl
15%
United States Compton
15%
Mexico Cordoba
15%
United States Cranston
15%
United States Downey
15%
Mexico Ecatepec
15%
United States Edmond
15%
United States Flower Mound
15%
United States Gastonia
15%
United States Hammond
15%
United States Hesperia
15%
United States Lake Forest
15%
United States Largo
15%
United States Manteca
15%
United States Milpitas
15%
United States Mountain View
15%
United States Nashua
15%
United States Newton
15%
Guatemala Quetzaltenango
15%
Cuba Sancti Spiritus
15%
Mexico Tuxtla
15%
United States Warwick
15%
United States Waukegan
15%
United States Whittier
15%
Mexico Zapopan
15%
United States Alhambra
12%
Cuba Bayamo
12%
United States Baytown
12%
United States Buena Park
12%
Cuba | Mexico Cardenas
12%
Mexico Chetumal
12%
Mexico Chimalhuacan
12%
Cuba Ciego De Avila
12%
Cuba Cienfuegos
12%
United States Citrus Heights
12%
United States Clifton
12%
Honduras Granada
12%
Mexico Guadalupe
12%
United States Hemet
12%
Canada Kanata
12%
United States Kirkland
12%
Cuba Las Tunas
12%
Mexico Lazaro Cardenas
12%
United States Livermore
12%
United States Longmont
12%
Mexico Los Mochis
12%
Cuba | Mexico Manzanillo
12%
Mexico Matamoros
12%
Cuba Matanzas
12%
United States Mt. Pleasant
12%
United States New Braunfels
12%
Mexico Nogales
12%
Mexico Pachuca
12%
Cuba Pinar del Rio
12%
United States Plantation
12%
United States Pleasanton
12%
Haiti Port-de-Paix
12%
United States Redwood City
12%
Canada Saint-Jean-Sur-Richelieu
12%
Canada Saint-Jerome
12%
United States San Ramon
12%
Mexico Santa Catarina
12%
Jamaica Spanish Town
12%
Mexico Tepic
12%
Guatemala Villa Nueva
12%
United States Vista
12%
United States Warner Robins
12%
United States Westland
12%
Mexico Xalapa
12%
United States Baldwin Park
8%
United States Bellflower
8%
United States Boynton Beach
8%
United States Brick
8%
Mexico Chilpancingo
8%
Mexico Ciudad Apodaca
8%
Mexico Ciudad del Carmen
8%
Mexico Ciudad Guzman
8%
Mexico Ciudad Nicolas Romero
8%
Mexico Ciudad Obregon
8%
Mexico Coatzacoalcos
8%
Mexico Cozumel
8%
United States Deerfield Beach
8%
Mexico Delicias
8%
Haiti Delmas
8%
United States Deltona
8%
Mexico Ensenada
8%
United States Folsom
8%
Mexico Garcia
8%
Mexico General Escobedo
8%
Haiti Gonaives
8%
Mexico Guaymas
8%
United States Hawthorne
8%
Haiti Hinche
8%
Mexico Ixtapaluca
8%
Haiti Jacmel
8%
Haiti Jeremie
8%
United States Johns Creek
8%
Mexico Lagos de Moreno
8%
Dominican Republic La Romana
8%
Haiti Les Cayes
8%
Honduras Matagalpa
8%
Guatemala Mixco
8%
Mexico Monclova
8%
Cuba Palma Soriano
8%
Haiti Petion-Ville
8%
United States Pharr
8%
Mexico Piedras Negras
8%
Mexico Playa del Carmen
8%
Jamaica Portmore
8%
Mexico Poza Rica
8%
Mexico Reynosa
8%
Haiti Saint-Marc
8%
Mexico Salina Cruz
8%
Dominican Republic San Cristobal
8%
Mexico San Cristobal de las Casas
8%
Mexico San Nicolas de los Garza
8%
Dominican Republic Santo Domingo Oeste
8%
United States South Gate
8%
Mexico Tapachula
8%
Mexico Tehuacan
8%
Mexico Tlalnepantla
8%
Mexico Tlaquepaque
8%
Mexico Tlaxcala
8%
United States Toms River
8%
Mexico Tonala
8%
United States Tustin
8%
Mexico Uruapan
8%
Mexico Zamora
8%
El Salvador Ahuachapan
4%
Mexico Apatzingan
4%
El Salvador Apopa
4%
Mexico Celaya
4%
Panama Changuinola
4%
Honduras Chinandega
4%
Honduras Choloma
4%
Honduras Choluteca
4%
Mexico Ciudad Acuna
4%
Mexico Ciudad Lopez Mateos
4%
Mexico Ciudad Valles
4%
Mexico Coacalco
4%
Mexico Cuautitlan
4%
Mexico Cuautitlan Izcalli
4%
Honduras El Progreso
4%
Guatemala Escuintla
4%
Honduras Esteli
4%
Mexico Fresnillo
4%
Dominican Republic Higuey
4%
Mexico Iguala
4%
Mexico Kanasin
4%
Honduras La Ceiba
4%
Mexico La Piedad
4%
Haiti Limbe
4%
Dominican Republic Los Alcarrizos
4%
Honduras Masaya
4%
Mexico Matehuala
4%
Mexico Minatitlan
4%
Mexico Navojoa
4%
Mexico Ocotlan
4%
Mexico Orizaba
4%
Mexico Parral
4%
Haiti Petit Goave
4%
Dominican Republic Puerto Plata
4%
Mexico Salamanca
4%
El Salvador Santa Tecla
4%
Dominican Republic Santo Domingo Este
4%
Mexico Soledad de Graciano Sanchez
4%
El Salvador Soyapango
4%
Mexico Tecoman
4%
Mexico Tepatitlan
4%
United States Upland
4%
United States Upper Darby
4%
Haiti Verrettes
4%
Guatemala Villa Canales
4%
Mexico Agua Prieta
0%
Mexico Alvaro Obregon
0%
Mexico Amozoc de Mota
0%
Haiti Aquin
0%
Haiti Arcahaie
0%
Mexico Atlixco
0%
Mexico Azcapotzalco
0%
Haiti Bainet
0%
Haiti Belladere
0%
Mexico Buenavista
0%
Panama Bugaba
0%
Mexico Chalco
0%
Mexico Chicoloapan
0%
Guatemala Chinautla
0%
Mexico Cholula
0%
Haiti Cite Soleil
0%
Mexico Ciudad Madero
0%
Mexico Coyoacan
0%
Haiti Croix-des-Bouquets
0%
Mexico Cuajimalpa
0%
Mexico Cuauhtemoc
0%
Mexico Cuautla
0%
El Salvador Delgado
0%
Mexico Del Valle
0%
Haiti Dessalines
0%
Mexico Gomez Palacio
0%
Haiti Grand Goave
0%
Haiti Gros-Morne
0%
Mexico Gustavo Adolfo Romero
0%
Mexico Hacienda Santa Fe
0%
Mexico Huixquilucan
0%
El Salvador Ilopango
0%
Mexico Iztapalapa
0%
Haiti Jean-Rabel
0%
Mexico Jiutepec
0%
Panama La Chorrera
0%
Dominican Republic La Vega
0%
United States Lee´s Summit
0%
Haiti Leogane
0%
Mexico Lerdo
0%
Mexico Lindavista
0%
United States Macomb
0%
Mexico Magdalena Contreras
0%
El Salvador Mejicanos
0%
Haiti Mirebalais
0%
United States O´Fallon
0%
Mexico Ojo de Agua
0%
Haiti Ouanaminthe
0%
Panama Penonome
0%
Haiti Petite Rivière de l'Artibonite
0%
Haiti Saint Michel de L' Atalaye
0%
Dominican Republic Santo Domingo Norte
0%
Haiti Tabarre
0%
Mexico Temixco
0%
Mexico Tepexpan
0%
Mexico Texcoco
0%
Mexico Tlahuac
0%
Mexico Tlalpan
0%
El Salvador Tonacatepeque
0%
Mexico Tulancingo
0%
Mexico Tuxpam de Rodriguez Cano
0%
Mexico Tuxtepec
0%
Mexico Venustiano Carranza
0%
Mexico Xochimilco
0%
Mexico Zitacuero
0%
No matching quizzes found
Score Distribution
Percent of People with Each Score
Percentile by Number Answered
Your Score History
You have not taken this quiz since the last reset